000 01434naa a22003137a 4500
001 BR8801262
003 BR-BrBNA
005 20250721154553.0
007 ta
008 250630b bl.|||m| |||| 00| 0 por d
040 _aBR-BrBNA
_bpor
_cBiblioteca Nacional de Agricultura
041 _a(En)
072 _aL01; E70
_b5200
090 _aL01 BR8801262
100 1 _aDe Boer, A.J.
100 1 _aGutierrez, A.
100 1 _aSouza Neto, J. de
111 1 _a1. Reuniao Tecnico - Cientifico do Programa de Apoio a Pesquisa Colaborativa de Pequenos Ruminantes
_cSobral, CE (Brazil)
_d14-18 Abr 1986
245 1 _aFarm-level resources for small ruminant production
500 _aCaprinos e ovinos no Nordeste do Brasil: Anais da 1. Reuniao Tecnico - Cientifica do Programa de Apoio a Pesquisa Colaborativa de Pequenos Ruminantes Sobral, CE (Brasil): 1986. p. 9-36 [5 illus.; 9 tables; 16 ref.; Summaries (En, Pt)] (BR8801262-AMS)
773 0 _tCaprinos e ovinos no Nordeste do Brasil: Anais da 1. Reuniao Tecnico - Cientifica do Programa de Apoio a Pesquisa Colaborativa de Pequenos Ruminantes
_wL01 BR8801262
_gSobral, CE (Brasil), 1986. p. 9-36
650 _aRUMINANTE
650 _aPRODUCAO ANIMAL
650 _aCOMERCIALIZACAO
650 _aMELHORAMENTO GENETICO ANIMAL
490 _aDocumentos - Centro Nacional de Pesquisa de Caprinos (Brazil)
_vno. 6
942 _cAMS
_2AGRIS
909 _a202506
_bLúcia
_c55
_dLúcia Elande
999 _c335731
_d335731